European Capitals in their own alphabet - Statistics

General Stats
  • This quiz has been taken 28 times
  • The average score is 42 of 47
Answer Stats
Capital Country % Correct
Andorra la Vella Andorra
100%
Paris France
100%
San Marino San Marino
100%
Ljubljana Slovenia
100%
Budapest Hungary
96%
Roma Italy
96%
Amsterdam Netherlands
96%
Oslo Norway
96%
Warszawa Poland
96%
Madrid Spain
96%
Stockholm Sweden
96%
Bern Switzerland
96%
London United Kingdom
96%
Città del Vaticano Vatican City
96%
Wien Austria
91%
Мінск Belarus
91%
Brussel Belgium
91%
Sarajevo Bosnia and Herzegovina
91%
Praha Czech Republic
91%
København Denmark
91%
Tallinn Estonia
91%
Helsinki Finland
91%
Berlin Germany
91%
Reykjavík Iceland
91%
Rīga Latvia
91%
Vaduz Liechtenstein
91%
Vilnius Lithuania
91%
Lëtzebuerg Luxembourg
91%
Valletta Malta
91%
Chișinău Moldova
91%
Monaco Monaco
91%
Podgorica Montenegro
91%
Lisboa Portugal
91%
București Romania
91%
Київ Ukraine
91%
Tiranë Albania
87%
Bakı Azerbaijan
87%
Prishtina Kosovo
87%
Скопје North Macedonia
87%
Bratislava Slovakia
87%
Երևան Armenia
83%
Αθήνα Greece
83%
Београд Serbia
83%
София Bulgaria
74%
Λευκωσία Cyprus
74%
თბილისი Georgia
74%
Baile Átha Cliath Ireland
70%
No matching quizzes found
Score Distribution
Percent of People with Each Score
Percentile by Number Answered
Your Score History
You have not taken this quiz